| 000 | 01021nam a2200217Ia 4500 | ||
|---|---|---|---|
| 999 |
_c43413 _d43413 |
||
| 001 | 10142 | ||
| 003 | GE_BSU | ||
| 005 | 20230504101138.0 | ||
| 008 | 181216s1987ge xx |||||||||||||| ||geo|| | ||
| 040 | _cGE_BSU | ||
| 041 | _ageo | ||
| 080 | _a821.353.1-92+008(479.22)+94(4799.22) ს-26 | ||
| 100 |
_aსანიკიძე, ლევან _917944 |
||
| 245 |
_aძეგლი ენისა სწორია : _bლიტ.-პუბლ.წერილები / _cლევან სანიკიძე, რედ: ლ. თურბანდიშვილი; მხატვ: ც. გაჩეჩილაძე |
||
| 264 |
_aთბილისი : _bმერანი, _c1987. |
||
| 300 |
_a300 გვ; _b20 სმ. |
||
| 653 | _aძეგლი ენისა სწორია:(ლიტ.-პუბლ.წერილები) | ||
| 700 |
_aთურბანდიშვილი, ლ _95639 |
||
| 700 |
_aგაჩეჩილაძე, ც _eმხატვარი _917945 |
||
| 942 |
_cBK _2udc |
||